Statistics for Logan Paul

Click here to take the quiz!

General Stats

  • This quiz has been taken 544 times
  • The average score is 9 of 15

Answer Stats

QuestionAnswer% Correct
What is Logan's brothers name?Jake
100%
What is Logan's moms name?Pam
85%
What is Logan's dads name?Greg
84%
What does Logan call his subscribers?Logang
77%
What is Logan's dogs name?Kong
75%
What is Logan's birds name?Maverick
72%
Who is Logan's manager?Jeff
68%
What is Logan's favorite band?Why Don't We
64%
Who was Logan's old roomate?Mark Dohner
61%
What is the name of the song Logan made with his favorite band?Help Me Help You
59%
What is Logan's moms nickname?Vlogmom
40%
Who is Logan's "Mexican hermano?"Juanpa Zurita
31%
Who are Logan's best friends?Johannes Bartl and George Janko
28%
What is the name of the song Logan directed?Nobody Gotta Know
17%
What does Logan say at the end of every vlog?Take it Easy Fam...Peace!
16%

Score Distribution

Percentile by Number Answered

Percent of People with Each Score

Your Score History

You have not taken this quiz